Responses for Show #6753 - Wednesday, January 15, 2014

Sarah McNitt game 2.

Contestants

[<< previous game]

Danny Jacobs, a journalist from Laurel, Maryland

Emily Goodlander, an attorney from Baltimore, Maryland

Sarah McNitt, a study-abroad advisor originally from Ann Arbor, Michigan (whose 1-day cash winnings total $15,800)

[next game >>]

Jeopardy! Round responses

FLOWERS AROUND THE WORLD
I'D LIKE A SOFT DRINK
STATE THE SENATOR
6-LETTER ANAGRAMS
(Alex: In this category, each response will be two words.)
REALITY TV
THAT LITERARY TITLE GUY IS UP TO SOMETHING
    $200 8
the Netherlands

Emily
    $200 13
Dr Pepper

Danny
    $200 2
Massachusetts

Sarah
    $200 21
singer & signer

Danny
    $200 22
(Danny: What is The Apprentice?)
(Alex: Be more specific.)

Celebrity Apprentice

Danny
    $200 1
Tom Sawyer

Danny
    $400 9
(Danny: What is a lotus blossom?)

a (water) lily

SarahDanny
    $400 17
vanilla

Emily
    $400 3
Pennsylvania

Sarah
    $400 24
damsel & medals

Danny
    $400 23
Storage Wars

Sarah
    $400 4
Oliver Twist

Sarah
    $600 10
(John) Steinbeck

Sarah
    $600 18
root beer

Sarah
    $600 14
Tennessee

Danny
    $600 28
statue & astute

Triple Stumper
    $600 25
Randy Jackson

Emily
    $600 5
Don Quixote

Emily
    $800 11
the Alps

Sarah
    $800 19
a Roy Rogers

Sarah
    $800 15
Indiana

Danny
    $800 29
(Emily: What is anoint...)
(Alex: Oh! [The time's-up signal sounds.] You took too much time.)

anoint & nation

EmilyDanny
    $800 26
Heidi Klum

Danny
    $1,000 6
(Emily: Who is Simon?)

Dracula

Emily
    $1000 12
Hawaii

Sarah
    $1000 20
(Danny: What is Dr. Brown's?)

ginger ale

SarahDanny
    $1000 16
Ohio

Sarah
    $1000 30
potion & option

Emily
    $1000 27
Dance Moms

Emily
    $1000 7
Gulliver

Sarah

Scores at the first commercial break (after clue 15):

Sarah Emily Danny
$4,800 -$200 $1,400

Scores at the end of the Jeopardy! Round:

Sarah Emily Danny
$8,600 $2,000 $2,800

Double Jeopardy! Round responses

ASTRONOMY
LESSER-KNOWN NAMES
SINGERS IN TOON
LANDLOCKED COUNTRY FUN
30 YEARS
I'M READY FOR "MOR"
    $400 26
suns (or stars)

Sarah
    $400 12
Operation

Emily
    $400 17
Jennifer Lopez

Emily
    $400 4
Afghanistan

Sarah
    $400 1
(Emily: [Selecting the clue] Celebrate my birthday--30 YEARS for $400, please.)

maturity

Sarah
    $400 2
the morgue

Sarah
    $800 27
a waxing gibbous

Danny
    $800 13
(Emily: What was the Civil War?)

World War I

EmilyDanny
    $800 20
will.i.am

Sarah
    $800 8
Paraguay

Emily
    $800 18
In the Line of Fire

Triple Stumper
    $800 3
[Alex misreads "official" as "unofficial".]

a moratorium

Danny
    $1200 28
(Danny: What is a comet?)

an asteroid

Danny
Triple Stumper
    $1200 14
the Renaissance

Emily
    $1200 21
(Emily: Who is Ellen DeGeneres?)

Queen Latifah

EmilyDanny
    $1200 9
Lesotho

Emily
    $1200 19
a maple

Sarah
    $1200 5
morphine

Sarah
    $1,500 29
Venus

Danny
    $1600 15
Virginia Tech

Sarah
    $1600 22
Katy Perry

Danny
    $3,000 10
Mongolia

Emily
    $1600 24
David Stern

Danny
    $1600 6
mortadella

Sarah
    $2000 30
(Thomas) Bopp

Danny
    $2000 16
the Anopheles

Triple Stumper
    $2000 23
Donny Osmond

Sarah
    $2000 11
Belarus

Triple Stumper
    $2000 25
the Federal Housing Administration

Danny
    $2000 7
(Sarah: What is a morass?)

a moraine

Sarah
Triple Stumper

Scores at the end of the Double Jeopardy! Round:

Sarah Emily Danny
$16,600 $7,000 $13,900

[wagering suggestions for these scores]

Final Jeopardy! Round responses

16th CENTURY PEOPLE
[Emily did not complete the "R" at the end of her response.]
EmilyWho is Pope Alexandep
$6,912
DannyWho is The Pope
$11,000
SarahWho is Pope Leo?
$4,000
Martin Luther

Final scores:

Sarah Emily Danny
$12,600 $88 $2,900
2-day champion: $28,400 3rd place: $1,000 2nd place: $2,000

Game dynamics:

Coryat scores:

Sarah Emily Danny
$16,600 $6,600 $14,000
23 R,
1 W
12 R
(including 1 DD),
4 W
(including 1 DD)
18 R
(including 1 DD),
3 W

Combined Coryat: $37,200

[game clues] [game scores] [suggest correction]

Game tape date: 2013-11-06
The J! Archive is created by fans, for fans. Scraping, republication, monetization, and malicious use prohibited; this site may use cookies and collect identifying information. See terms. The Jeopardy! game show and all elements thereof, including but not limited to copyright and trademark thereto, are the property of Jeopardy Productions, Inc. and are protected under law. This website is not affiliated with, sponsored by, or operated by Jeopardy Productions, Inc. Join the discussion at JBoard.tv.